| 000 | 00399nam a2200157Ia 4500 | ||
|---|---|---|---|
| 008 | 210716s1998 xx 000 0 und d | ||
| 020 | _a8176350648 | ||
| 041 | _aeng | ||
| 082 | _a005.133 AITP | ||
| 100 | _aAitken, Peter; Jones, Bradley L. | ||
| 245 | _aTeach yourself c in 21 days. | ||
| 250 | _a4 | ||
| 260 |
_aNew Delhi _bTechmedia _c1998 |
||
| 300 | _axxvi,699,22 | ||
| 650 | _aC Programming | ||
| 999 |
_c187889 _d187889 |
||